01010cam a2200277 a 4500001001000000003000900010005001700019008004100036040003000077049000900107082001700116100005000133240003600183245012000219260003700339300002100376650002800397650003100425650004000456700004300496910003400539910000700573942001400580952012100594999001700715000018053DO-SdBNP20250611111815.0740328s1929 nyu 000 f eng d aDO-SdBNPbspacBNPHUerda aBNGR a863.6bB644u1 aBlasco Ibáñez, Vicente,d1867-192891501710aEn busca del Gran Khan.lIngles10aUnknown lands :bthe story of Columbus /cVicente Blasco Ibáñez ; traducción del español Arthur Livingston. aNew York :bE. P. Dutton,c1929. a270 p. ;c20 cm. 4aNovela española91123 4aLiteratura española9632 4aNovela históricazEspaña9391381 aLivingston, Arthur,d1883-etr.939139 aCatalogación por copia / LC aWM 2ddccLBS1 001054708MOaGRbGRcHDd2010-04-12iLF1l0o863.6 B644up18053-10r2020-06-25w2020-06-25y4ZPréstamo en sala c17575d17575